00890nam a2200217Ka 4500020001500000040000800015082002600023100002000049245007000069246004300139260005000182300004900232650001600281650002000297650001600317710002400333942001000357999001700367952015000384952013800534 a0078602432 cUUW aOFF GLE 2004 C112 Or.1 aJohnson, Jack E10aGlencoe keyboarding with computer applications :blessons 1-150 /30aKeyboarding with computer applications aNew York, N.Y. :bGlencoe/McGraw-Hill,cc2004 a1 v. (various pagings) :bcol. ill. ;c26 cm 0aKeyboarding 0aWord processing 0aTypewriting2 aGlencoe/McGraw-Hill cAEDBB c21534d21534 0010406OFF_GLE_2004_000000000000000_C112_OR70993519aLBCbLBCcC112d2023-07-07oOFF GLE 2004 C112 Or.pa17883r2023-07-07w2023-07-07yAEDBB 0010406OFF_GLE_2004_000000000000000_C112_OR70993520aLBCbLBCcC112d2023-07-07oOFF GLE 2004 C112 Or.pa18337r2023-07-07yAEDBB